000 00320nam a2200145Ia 4500
100 _aSivanagaraju/S
942 _cBK
366 _f17.5
654 _aelectromagnetic
245 _aElectromagnetics fields
260 _bNew Age Interational Ltd.
_aNew Delhi
_c2008
300 _a299
546 _aENGLISH
999 _c27436
_d27436